|
|
|
|
| LEADER |
00000 a a2200000 04500 |
| 001 |
37964 |
| 003 |
cru CIDCACS/IIS |
| 005 |
20200611062544.0 |
| 007 |
ta |
| 008 |
170217b1976 cr ||||| |||| 00| 0 spa d |
| 040 |
|
|
|b cru CIDCACS/IIS
|c cru CIDCACS/IIS
|
| 090 |
|
|
|a 05.03.03 W399p
|
| 100 |
1 |
|
|a Weffort, Francisco
|9 2741
|
| 245 |
|
|
|a Populismo, Marginalización y Dependencia: ensayos de interpretación sociológica /
|c Francisco Weffort y Aníbal Quijano
|
| 250 |
|
|
|a 2
|
| 260 |
|
|
|a San José:
|b EDUCA
|
| 300 |
|
|
|a 329 p.
|
| 500 |
|
|
|a Introducción de Edelberto Torres Rivas
|
| 650 |
1 |
0 |
|a MOVILIZACION SOCIAL
|9 2126
|
| 650 |
1 |
0 |
|a MOVIMIENTOS SOCIALES
|9 3
|
| 650 |
1 |
0 |
|9 2106
|a GRUPOS SOCIALES
|
| 650 |
1 |
0 |
|9 25
|a ESTRATIFICACION SOCIAL
|
| 650 |
1 |
0 |
|9 77
|a DESIGUALDAD SOCIAL
|
| 650 |
|
4 |
|9 1838
|a DEPENDENCIA ECONOMICA
|
| 700 |
1 |
|
|a Quijano, Franciso
|9 2743
|
| 942 |
|
|
|2 ddc
|c LI
|
| 999 |
|
|
|c 13890
|d 13890
|